| 000 | 00855cam a22002534a 4500 | ||
|---|---|---|---|
| 003 | OSt | ||
| 005 | 20240222121342.0 | ||
| 008 | |||
| 020 | _a0073049026 (hardback) | ||
| 040 |
_cNUST _aNUST _beng _dNUST _erda |
||
| 050 | _aHF5415 GRE | ||
| 100 | 1 |
_aGrewal, Dhruv. _eAuthor _qDhruv Grewal |
|
| 245 | 1 | 0 |
_aMarketing / _cDhruv Grewal, Michael Levy. |
| 260 |
_aBoston : _bMcGraw-Hill Irwin, _cc2008. |
||
| 300 |
_axxxiii, 602 p. : _billustrations + coloured maps ; _c25 cm. |
||
| 336 |
_2rdacontent _atext _btxt |
||
| 337 |
_2rdamedia _aunmediated _bn |
||
| 338 |
_2rdacarrier _avolume _bnc |
||
| 504 | _aIncludes bibliographical references. | ||
| 650 | 0 | _aMarketing. | |
| 700 | 1 |
_aLevy, Michael. _eAuthor _qMichael Levy |
|
| 907 |
_a.b10286391 _b20-07-11 _c04-11-10 |
||
| 942 |
_cBOOKS _kHF _mGRE _hHF5415 GRE _n0 |
||
| 999 |
_c135313 _d135313 |
||